[Event "Goodbye Summer 2008"]
[Site "http://www.queenalice.com/game.php?id=458019"]
[Date "2008.9.3"]
[Round "-"]
[White "JeffPaul"]
[Black "pl52600"]
[Result "1-0"]
[WhiteElo "1694"]
[BlackElo "1697"]

1. d4 d5 2. Nc3 Nf6 3. Bf4 Ne4 4. Nb5 e5 5. Bxe5 Bd6 6. f3 O-O 7. fxe4 Qh4+ 8.
g3 Qxe4 9. Bxd6 cxd6 10. Nf3 Bg4 11. Qd3 Bxf3 12. Qxf3 Qxc2 13. Qc3 Qe4 14. Rg1
Nc6 15. Bg2 Qf5 16. Nxd6 Qf6 17. Nxb7 Rae8 18. O-O-O Rc8 19. Bxd5 Nb4 20. Nc5
Nxd5 21. Qa3 Qe7 22. Qf3 Rfd8 23. Kb1 Ne3 24. Rd3 Nc4 25. Rf1 Ne5 26. Qe3 Nc6
27. Qxe7 Nxe7 28. h4 g6 29. Ne4 f5 30. Nc5 Nd5 31. e4 fxe4 32. Nxe4 Nb4 33. Rd2
Nd5 34. Nf6+ Nxf6 35. Rxf6 Re8 36. Rf1 h5 37. a3 a5 38. Rc1 Rxc1+ 39. Kxc1 a4
40. d5 Rc8+ 41. Rc2 Rd8 42. Rd2 Rc8+ 43. Kb1 Rd8 44. d6 Kf7 45. d7 Ke7 46. Ka2
Kf6 47. Rd4 Ke5 48. Rxa4 Rxd7 49. Rc4 Kd5 50. b3 Re7 51. g4 Re2+ 52. Kb1 Rg2 53.
gxh5 gxh5 54. a4 Rg4 55. a5 Rxc4 56. bxc4+ Kc5 57. a6 Kb6 58. a7 Kxa7 59. Kb2
Kb6 60. Kb3 Ka5 61. Kc3 Ka4 62. Kd4 Ka5 63. Kd5 Kb6 64. Kd6 Kb7 65. c5 Kc8 66.
Kc6 Kb8 67. Kd7 Kb7 68. c6+ Kb8 69. c7+ Ka7 70. c8=Q Kb6 71. Qh8 1-0

[Event "Back to School Blues"]
[Site "http://www.queenalice.com/game.php?id=465409"]
[Date "2008.9.19"]
[Round "-"]
[White "pl52600"]
[Black "JeffPaul"]
[Result "1-0"]
[WhiteElo "1681"]
[BlackElo "1710"]

1. e4 d6 2. d4 d5 3. e5 f6 4. Qh5+ g6 5. Qe2 Nc6 6. c3 fxe5 7. dxe5 d4 8. c4 Bg7
9. Nf3 Bg4 10. Bf4 Bxf3 11. gxf3 d3 12. Qe3 Qd4 13. Nc3 O-O-O 14. O-O-O Nxe5 15.
Bh3+ Kb8 16. c5 Qxe3+ 17. fxe3 Nxf3 18. Nb5 Be5 19. Bxe5 Nxe5 20. Rhf1 Nf6 21.
Rf4 Nd5 22. Re4 Nf3 23. Rxd3 Nf6 24. Rxd8+ Rxd8 25. Rxe7 Re8 26. Rf7 Ng5 27.
Rxf6 Nxh3 28. Rf7 h5 29. Nxc7 Rxe3 30. Nd5 Re5 31. Rf8+ Re8 32. Rxe8# 1-0

[Event "Jason vs. Freddy"]
[Site "http://www.queenalice.com/game.php?id=472642"]
[Date "2008.10.4"]
[Round "-"]
[White "JeffPaul"]
[Black "pl52600"]
[Result "1-0"]
[WhiteElo "1693"]
[BlackElo "1698"]

1. d4 d5 2. e3 a6 3. Be2 Nc6 4. Nf3 h6 5. Ne5 Nxe5 6. dxe5 Bf5 7. a3 c5 8. Bd3
e6 9. O-O Qg5 10. e4 Bh3 11. Bxg5 hxg5 12. gxh3 Rxh3 13. Qg4 Rh8 14. Qxg5 Ne7
15. exd5 Nxd5 16. Nc3 Ne7 17. b4 O-O-O 18. bxc5 Nd5 19. Nxd5 Rxd5 20. Rad1 Rxc5
21. Be4 f6 22. Qd2 Kc7 23. Qd7+ Kb6 24. Qxb7+ Ka5 25. Rb1 Rb5 26. Qc7+ Ka4 27.
Bc6 fxe5 28. Bxb5+ Kxa3 29. Qa5# 1-0

[Event "Alien vs. Predator"]
[Site "http://www.queenalice.com/game.php?id=477765"]
[Date "2008.10.15"]
[Round "-"]
[White "pl52600"]
[Black "JeffPaul"]
[Result "1-0"]
[WhiteElo "1682"]
[BlackElo "1709"]

1. e4 e5 2. d4 Bd6 3. d5 h6 4. Nc3 Bb4 5. Bd2 Bxc3 6. Bxc3 d6 7. h3 Nf6 8. Bd3
c6 9. Qe2 O-O 10. dxc6 Nxc6 11. O-O-O d5 12. Bc4 Nd4 13. Bxd4 exd4 14. Rxd4 Qb6
15. c3 dxc4 16. Nf3 Be6 17. Rhd1 Rad8 18. e5 Rxd4 19. Nxd4 Nd5 20. Nxe6 Qxe6 21.
Qxc4 Rd8 22. f4 Rd7 23. f5 Qxe5 24. Qc8+ Qe8 25. Qxe8+ Kh7 26. Qxd7 Ne3 27. Rd6
Nc4 28. Rd1 Ne5 29. Qe8 f6 30. Rd8 1-0

[Event "Frankenstein vs. the Wolfman"]
[Site "http://www.queenalice.com/game.php?id=481364"]
[Date "2008.10.23"]
[Round "-"]
[White "JeffPaul"]
[Black "pl52600"]
[Result "1-0"]
[WhiteElo "1692"]
[BlackElo "1699"]

1. Nf3 Nc6 2. d4 d5 3. Nc3 h6 4. h3 Nf6 5. e3 a6 6. Bd3 e5 7. dxe5 Ne4 8. Bxe4
dxe4 9. Nd4 Nxe5 10. Nxe4 c5 11. f4 Nc4 12. Qd3 b5 13. Nc6 Qc7 14. b3 Qxc6 15.
bxc4 Bf5 16. Nd6+ Bxd6 17. Qxf5 Qxg2 18. Rf1 Qg3+ 19. Rf2 bxc4 20. Qe4+ Kd7 21.
Qxc4 Rhf8 22. Bd2 f5 23. Qa4+ Ke7 24. e4 Bxf4 25. Rd1 Bxd2+ 26. Rxd2 Qe3+ 27.
Kd1 Rad8 28. c3 Qxc3 29. exf5 Qxh3 30. Re2+ Kf6 31. Qc6+ Kxf5 32. Qe6+ Kg5 33.
Qxh3 h5 34. Rh2 g6 35. Kc2 Rde8 36. Rdf2 c4 37. Rxf8 Rxf8 38. Rg2+ Kh6 39. Qe3+
Kg7 40. Qe5+ Kh6 41. Qe6 Rg8 42. Qxg8 g5 43. Qxg5+ Kh7 44. Qg7# 1-0

[Event "Boo Who vs Who Boo"]
[Site "http://www.queenalice.com/game.php?id=485532"]
[Date "2008.10.30"]
[Round "-"]
[White "pl52600"]
[Black "JeffPaul"]
[Result "1-0"]
[WhiteElo "1683"]
[BlackElo "1708"]

1. e4 d6 2. d4 a6 3. d5 c6 4. Nc3 cxd5 5. Nxd5 e6 6. Nc3 h6 7. Bc4 Nf6 8. f4 b5
9. Bb3 Qa5 10. Bd2 b4 11. Na4 Nxe4 12. Nf3 Bd7 13. c4 d5 14. Ne5 Bd6 15. Nxd7
Nxd7 16. O-O Ndc5 17. Be3 dxc4 18. Bc2 b3 19. axb3 Nxa4 20. Bxe4 Bc5 21. Bc6+
Kf8 22. Bxa8 Bxe3+ 23. Kh1 Nxb2 24. Qd6+ Kg8 25. Rxa5 Kh7 26. Be4+ g6 27. Rxa6
cxb3 28. Qe7 Kg7 29. Rxe6 Bd4 30. Rxg6+ Kh7 31. Qxf7+ Bg7 32. Rxg7# 1-0

[Event "Rain vs Snow"]
[Site "http://www.queenalice.com/game.php?id=489027"]
[Date "2008.11.6"]
[Round "-"]
[White "JeffPaul"]
[Black "pl52600"]
[Result "0-1"]
[WhiteElo "1693"]
[BlackElo "1700"]

1. Nf3 Nc6 2. e4 a6 3. d4 f5 4. e5 d5 5. c4 e6 6. c5 h6 7. b4 Nxb4 8. Qa4+ Nc6
9. Bb5 Bd7 10. Bxc6 Bxc6 11. Qb3 g5 12. h3 Ne7 13. a4 g4 14. hxg4 fxg4 15. Nh4
Bg7 16. Qd3 Kf7 17. f4 Bd7 18. Qg3 h5 19. Qd3 b6 20. c6 Nf5 21. Nxf5 exf5 22.
cxd7 Qxd7 23. Qb3 Rab8 24. Nc3 c6 25. O-O h4 26. Re1 Ke6 27. Nd1 h3 28. Kh2
hxg2+ 29. Kxg2 Rh3 30. Be3 Bh6 31. Qc2 Bf8 32. Rh1 Rxh1 33. Kxh1 Bb4 34. Nb2
Rh8+ 35. Kg1 Rh3 36. Nd3 c5 37. Bd2 Qh7 38. Nf2 Rg3+ 39. Kf1 Rf3 40. Bxb4 Qh1+
41. Ke2 Rxf2+ 42. Kxf2 Qh2+ 43. Ke1 Qxc2 44. Bd2 Qe4+ 45. Kf2 Qxd4+ 46. Ke2 Qxa1
0-1

[Event "Turkey vs Ham"]
[Site "http://www.queenalice.com/game.php?id=493434"]
[Date "2008.11.15"]
[Round "-"]
[White "JeffPaul"]
[Black "pl52600"]
[Result "0-1"]
[WhiteElo "1677"]
[BlackElo "1716"]

1. d4 d5 2. h3 Bf5 3. e3 Be4 4. Nc3 Nf6 5. f3 Bg6 6. g4 h6 7. f4 Be4 8. Nf3 a6
9. Nxe4 Nxe4 10. Rg1 e6 11. g5 g6 12. Bd3 Bb4+ 13. Bd2 Bxd2+ 14. Nxd2 Nxd2 15.
Qxd2 hxg5 16. Rxg5 Rxh3 17. Qg2 Rh5 18. Rxh5 gxh5 19. Qg8+ Kd7 20. Qxf7+ Qe7 21.
Qxh5 Nc6 22. O-O-O Nb4 23. Kb1 a5 24. e4 Rf8 25. exd5 Nxd5 26. f5 exf5 27. Bxf5+
Kd8 28. Rd2 Rxf5 29. Qg4 Ne3 30. Qxf5 Nxf5 31. Kc1 Qg5 32. c3 Ne3 33. b3 Nf1 34.
Kb2 Qxd2+ 35. Ka3 Qxc3 36. Ka4 c6 37. b4 Qxb4# 0-1

[Event "Thanksgiving Turkey"]
[Site "http://www.queenalice.com/game.php?id=497285"]
[Date "2008.11.23"]
[Round "-"]
[White "JeffPaul"]
[Black "pl52600"]
[Result "0-1"]
[WhiteElo "1663"]
[BlackElo "1730"]

1. Nf3 Nf6 2. Nc3 d5 3. e3 a6 4. d4 e6 5. a3 c5 6. dxc5 Bxc5 7. Qd3 h6 8. e4
Bxf2+ 9. Kxf2 Qb6+ 10. Qd4 Qxd4+ 11. Nxd4 dxe4 12. Ke3 e5 13. Nde2 Ng4+ 14. Kd2
Nf2 15. Rg1 Ng4 16. Nxe4 Nxh2 17. Nd6+ Ke7 18. Nxc8+ Rxc8 19. Nc3 Nxf1+ 20. Rxf1
Rd8+ 21. Ke1 g6 22. Bxh6 Ke8 23. Rd1 Rxd1+ 24. Kxd1 Nd7 25. Kc1 Rc8 26. Nd5 f5
27. Bg5 Nc5 28. Ne7 Rc7 29. Be3 Nd3+ 30. Kb1 Nxb2 31. Nxg6 f4 32. Kxb2 fxe3 33.
Rf8+ Kd7 34. Rf7+ Kd6 35. Rxc7 e2 36. Rc3 e1=Q 37. Rd3+ Ke6 38. Rd8 e4 39. Nf4+
Ke7 40. Rd5 Qe3 41. Ng6+ Ke6 42. Rh5 Qd4+ 43. Kb1 Qd1+ 44. Ka2 Qxc2+ 45. Ka1 Qd2
46. g4 Kf6 47. Nf8 Kf7 48. Rf5+ Ke8 49. g5 e3 50. Ne6 e2 51. Re5 e1=Q+ 52. Rxe1
Qxe1+ 53. Kb2 Qxe6 54. a4 Qg6 55. Kb3 a5 56. Kc4 Qxg5 57. Kd4 Kd7 58. Ke4 Kc6
59. Kd3 Qg4 60. Ke3 Qxa4 61. Kd3 Qb5+ 62. Kd4 a4 63. Ke4 a3 64. Kf4 a2 0-1

[Event "It's Beginning To Look A Lot Lik"]
[Site "http://www.queenalice.com/game.php?id=502289"]
[Date "2008.12.3"]
[Round "-"]
[White "JeffPaul"]
[Black "pl52600"]
[Result "1-0"]
[WhiteElo "1635"]
[BlackElo "1743"]

1. Nf3 d5 2. h3 Nc6 3. e3 a6 4. d4 Bf5 5. Nc3 e6 6. a3 Bb4 7. axb4 Nxb4 8. Bd3
Nxd3+ 9. cxd3 Nf6 10. Qe2 h5 11. e4 dxe4 12. dxe4 Bg6 13. Bg5 Qd7 14. Bxf6 gxf6
15. O-O O-O 16. b4 Qc6 17. Rfc1 Qd6 18. e5 fxe5 19. Nxe5 Qxd4 20. Ra4 Rfd8 21.
b5 Qb6 22. Re4 Bxe4 23. Nxe4 axb5 24. Qxh5 Qd4 25. Nf6+ Kg7 26. Qg5+ Kf8 27.
Nh7+ Ke8 28. Qf6 Rd7 29. Qh8+ Ke7 30. Qxa8 Qxe5 31. Qf8# 1-0

[Event "Like Christmas"]
[Site "http://www.queenalice.com/game.php?id=503587"]
[Date "2008.12.5"]
[Round "-"]
[White "pl52600"]
[Black "JeffPaul"]
[Result "1-0"]
[WhiteElo "1723"]
[BlackElo "1655"]

1. e4 d6 2. d4 f5 3. Nc3 fxe4 4. Nxe4 Bf5 5. Ng5 h6 6. N5f3 Bg4 7. Bb5+ c6 8.
Be2 Bxf3 9. Nxf3 Nd7 10. Nh4 g5 11. Bh5# 1-0

[Event "11 Moves No Repeat!"]
[Site "http://www.queenalice.com/game.php?id=504901"]
[Date "2008.12.9"]
[Round "-"]
[White "JeffPaul"]
[Black "pl52600"]
[Result "1-0"]
[WhiteElo "1660"]
[BlackElo "1736"]

1. e3 e5 2. a3 d5 3. c4 d4 4. exd4 exd4 5. h3 Nf6 6. Nf3 h6 7. Ne5 Qe7 8. Qe2
Be6 9. d3 Nbd7 10. Nxd7 Qxd7 11. Qf3 O-O-O 12. g3 Re8 13. Be2 Ng4 14. O-O Nh2
15. Kxh2 Bxh3 16. Re1 Bg4 17. Qxg4 Qxg4 18. Bxg4+ Kd8 19. Rxe8+ Kxe8 20. b4 c5
21. Bb2 Bd6 22. Nd2 h5 23. Ne4 hxg4+ 24. Kg2 Kd7 25. Nxd6 Kxd6 26. bxc5+ Kxc5
27. Re1 f6 28. Re4 Rd8 29. Rxg4 g5 30. f4 Re8 31. Kf2 Rf8 32. fxg5 fxg5+ 33. Ke2
Re8+ 34. Kd2 Rd8 35. Rxg5+ Kc6 36. Rd5 Rxd5 37. cxd5+ Kxd5 38. g4 Ke5 39. g5 Kf5
40. Bxd4 Kxg5 41. Bxa7 Kf5 42. Kc3 Ke5 43. Kc4 Ke6 44. d4 Kd6 45. d5 Kd7 46. Kc5
Kc7 47. a4 Kd7 48. d6 Ke6 49. d7 Kxd7 50. Kb6 Kd6 51. a5 Kd5 52. Kxb7 Kc4 53. a6
Kb5 54. Bb6 Ka4 55. a7 Kb5 56. a8=Q Kc4 57. Qa5 Kb3 58. Bd4 Kc4 59. Qc5+ Kd3 60.
Kc6 Ke4 61. Bc3 Kd3 62. Kd5 Kc2 63. Qd4 Kb3 64. Qc4+ Kc2 65. Kd4 Kd1 66. Kd3 Kc1
67. Bd2+ Kb2 68. Qb4+ Ka2 69. Kc3 Ka1 70. Qb2# 1-0

[Event "HO HO HO!"]
[Site "http://www.queenalice.com/game.php?id=508268"]
[Date "2008.12.15"]
[Round "-"]
[White "pl52600"]
[Black "JeffPaul"]
[Result "0-1"]
[WhiteElo "1717"]
[BlackElo "1679"]

1. e4 e5 2. a3 h6 3. d4 exd4 4. Qxd4 Nc6 5. Qd5 Nf6 6. Qd3 d5 7. exd5 Nxd5 8.
Be2 Ne5 9. Qe4 Qd6 10. Bf4 Nxf4 11. Qxf4 Nd3+ 12. Bxd3 Qxf4 13. Nd2 Bc5 14. Ne4
Qe5 15. O-O-O O-O 16. Nf3 Qf4+ 17. Rd2 b6 18. Re1 Bf5 19. Nxc5 bxc5 20. Bxf5
Qxf5 21. Re5 Qg4 22. Rxc5 Qxg2 23. Nd4 Qxh2 24. Nc6 Rae8 25. b4 Re1+ 26. Kb2 Qf4
27. Rd7 Qf6+ 28. Rc3 Qxf2 29. Ne7+ Kh7 30. Rcxc7 Qf6+ 31. Kb3 Rb1+ 32. Ka4 Qa6#
0-1

[Event "Brrrrrrr"]
[Site "http://www.queenalice.com/game.php?id=521643"]
[Date "2009.1.13"]
[Round "-"]
[White "pl52600"]
[Black "JeffPaul"]
[Result "1-0"]
[WhiteElo "1699"]
[BlackElo "1697"]

1. e4 e5 2. Nf3 Nf6 3. d3 Nc6 4. a3 d5 5. exd5 Nxd5 6. Bd2 Qe7 7. Be2 e4 8. dxe4
Qxe4 9. Nc3 Nxc3 10. Bxc3 h6 11. O-O f6 12. Ng5 hxg5 13. Bh5+ Rxh5 14. Qxh5+ g6
15. Qh7 Bd7 16. Rfe1 Qxe1+ 17. Rxe1+ Ne7 18. Qxg6+ Kd8 19. Qxf6 a5 20. Qxf8+ Be8
21. Qxe7+ Kc8 22. Qxe8# 1-0

[Event "Winter War"]
[Site "http://www.queenalice.com/game.php?id=525786"]
[Date "2009.1.19"]
[Round "-"]
[White "JeffPaul"]
[Black "pl52600"]
[Result "0-1"]
[WhiteElo "1681"]
[BlackElo "1715"]

1. Nf3 Nc6 2. d4 d5 3. e3 a6 4. c4 Nf6 5. Bd3 Bg4 6. Nc3 e5 7. dxe5 Bxf3 8. Qxf3
Nxe5 9. Qf5 Nxd3+ 10. Qxd3 dxc4 11. Qxc4 Bd6 12. e4 O-O 13. Bg5 h6 14. Bxf6 Qxf6
15. O-O b5 16. Qd3 b4 17. Nd5 Qxb2 18. Rfb1 Qe5 19. g3 a5 20. Nf4 Qg5 21. Nd5
Qe5 22. Qc4 Rac8 23. Nf4 Kh7 24. Rd1 Rcd8 25. Rac1 Rfe8 26. Qxf7 Qxe4 27. Re1
Re7 28. Qb3 Qf5 29. Rxe7 Bxe7 30. Qe3 Bg5 31. Rc5 Bxf4 32. gxf4 Qb1+ 33. Kg2
Qxa2 34. Qe4+ Kh8 35. Rxc7 Qd5 36. Kf3 b3 37. Rb7 a4 38. Rb4 Qd1+ 39. Kg2 a3 40.
Qe3 a2 41. Ra4 b2 42. f5 b1=Q 43. f6 Qg1+ 44. Kh3 Qf5+ 45. Kh4 Qxf6+ 46. Kh3
a1=Q 47. Rf4 Qfg5 48. Qf3 Qgf1+ 49. Qg2 Qfxg2# 0-1

[Event "Let's hear for the fire wall!"]
[Site "http://www.queenalice.com/game.php?id=527550"]
[Date "2009.1.23"]
[Round "-"]
[White "JeffPaul"]
[Black "pl52600"]
[Result "1-0"]
[WhiteElo "1666"]
[BlackElo "1730"]

1. d4 d5 2. e3 a6 3. h3 Nc6 4. Nf3 Bf5 5. Bd3 e6 6. Bxf5 exf5 7. Qd3 Qd7 8. c4
dxc4 9. Qxc4 O-O-O 10. Ng5 Na5 11. Qxf7 g6 12. Nc3 Be7 13. e4 Bxg5 14. Qxd7+
Rxd7 15. Bxg5 Rxd4 16. exf5 gxf5 17. O-O h6 18. Be3 Rd6 19. Rad1 Rg6 20. Nd5 Nc4
21. Bd4 Rh7 22. Rfe1 Rd7 23. Re8+ Rd8 24. Rxd8+ Kxd8 25. b3 Na3 26. Bc5 Nb5 27.
Nf4+ Rd6 28. Bxd6 Nxd6 29. Ne6+ Kc8 30. Re1 b6 31. Nd4 Nf6 32. Re6 Nde8 33. Nxf5
Kd7 34. Re7+ Kd8 35. Re6 Kd7 36. Re3 h5 37. f3 c5 38. g4 hxg4 39. fxg4 b5 40. g5
Nh5 41. g6 c4 42. bxc4 bxc4 43. Rc3 Nd6 44. Nxd6 Kxd6 45. Rxc4 Ke5 46. Rc5+ Kf6
47. Rxh5 Kxg6 48. Ra5 Kf6 49. a4 Ke6 50. Rxa6+ Kd7 51. h4 Kc7 52. h5 Kb7 53. Rg6
Kc7 54. h6 Kd7 55. h7 1-0

[Event "Papa vs DaDa"]
[Site "http://www.queenalice.com/game.php?id=534019"]
[Date "2009.2.3"]
[Round "-"]
[White "pl52600"]
[Black "JeffPaul"]
[Result "1-0"]
[WhiteElo "1711"]
[BlackElo "1685"]

1. e4 e5 2. d4 f6 3. d5 c6 4. dxc6 Nxc6 5. Be3 Nge7 6. Qh5+ g6 7. Qf3 Bg7 8. Bc4
f5 9. exf5 Nxf5 10. Nc3 d6 11. O-O-O Ncd4 12. Qd5 Be6 13. Bb5+ Bd7 14. Qxb7 Rb8
15. Bxd7+ Kf8 16. Qxa7 Ne7 17. f4 Nec6 18. Bxc6 Nxc6 19. Qa3 Nd4 20. Nf3 Qb6 21.
fxe5 Nb3+ 22. cxb3 Qxe3+ 23. Kc2 Bxe5 24. Rhe1 Qf2+ 25. Rd2 Qb6 26. Nxe5 Kg7 27.
Rxd6 Qf2+ 28. Re2 Qf5+ 29. Re4 Rhe8 30. Qa7+ Kh6 31. Ng4+ Kh5 32. Qxh7+ Kg5 33.
h4# 1-0

[Event "Papa vs DaDa Round 2"]
[Site "http://www.queenalice.com/game.php?id=535808"]
[Date "2009.2.5"]
[Round "-"]
[White "JeffPaul"]
[Black "pl52600"]
[Result "1-0"]
[WhiteElo "1670"]
[BlackElo "1726"]

1. Nf3 Nc6 2. d4 d5 3. h3 Nf6 4. e3 Qd6 5. Nc3 a6 6. Bd3 e5 7. O-O e4 8. Ne5
exd3 9. Qxd3 Nxe5 10. dxe5 Qxe5 11. f4 Qe6 12. f5 Qe5 13. Re1 Bxf5 14. e4 Bd6
15. g3 Nh5 16. Bf4 Nxf4 17. gxf4 Bc5+ 18. Kg2 Qf6 19. exf5+ Be7 20. Nxd5 Qc6 21.
Rxe7+ Kd8 22. Rae1 Rf8 23. Kh2 Qb5 24. Qxb5 axb5 25. Rxc7 Rxa2 26. Rxb7 Kc8 27.
Rxb5 Ra6 28. Re4 Kd7 29. Rd4 Kc6 30. c4 Ra1 31. Rb6+ Kd7 32. c5 Rc8 33. Rd6+ Ke8
34. c6 Ra6 35. Nb4 Ra7 36. Rd7 Rac7 37. Rxc7 Rxc7 38. Rc4 g6 39. Nd5 Kd8 40.
Nxc7 Kxc7 41. b4 gxf5 42. b5 h6 43. b6+ Kxb6 44. c7 Kb5 45. c8=Q h5 46. Rc1 f6
47. Rb1+ Ka5 48. Qa8# 1-0

[Event "Washington vs. Lincoln"]
[Site "http://www.queenalice.com/game.php?id=538531"]
[Date "2009.2.11"]
[Round "-"]
[White "pl52600"]
[Black "JeffPaul"]
[Result "0-1"]
[WhiteElo "1708"]
[BlackElo "1688"]

1. e4 e5 2. d4 exd4 3. Qxd4 Nc6 4. Qe3 Nf6 5. Nc3 Bb4 6. h3 O-O 7. Qg3 Nxe4 8.
Qd3 Re8 9. Be3 d5 10. O-O-O Bxc3 11. bxc3 Ne5 12. Qxe4 dxe4 13. Rxd8 Rxd8 14. f3
Be6 15. fxe4 Bxa2 16. Nf3 Nc4 17. Bxc4 Bxc4 18. Re1 b5 19. Ne5 a5 20. Nxc4 bxc4
21. Bf4 c6 22. e5 Rd7 23. Re4 a4 24. Kb2 a3+ 25. Ka2 Ra4 26. e6 fxe6 27. Rxe6
Rf7 28. Re8+ Rf8 29. Rxf8+ Kxf8 30. Bd6+ Kf7 31. Bxa3 g5 32. Kb2 Kf6 33. Bc5 Ra5
34. Be3 h5 35. g4 hxg4 36. hxg4 Re5 37. Bd4 Ke6 38. Kc1 Re4 39. Kd1 Rxg4 40. Bf2
Kf5 41. Bc5 Re4 42. Bd6 g4 43. Kd2 Kg5 44. Bg3 Kf5 45. Bd6 Kg5 46. Bg3 Kf5 47.
Bd6 Re5 48. Bc7 g3 49. Bb6 Kf4 50. Bg1 Kf3 51. Bd4 Re4 52. Bc5 Kg2 53. Be3 Kh1
54. Ke2 g2 55. Kf3 Rxe3+ 56. Kxe3 g1=Q+ 57. Ke4 Qd1 58. Ke3 Qxc2 59. Kd4 Qd3+
60. Kc5 Qxc3 61. Kxc6 Qd4 62. Kb5 c3 63. Kc6 c2 64. Kb5 c1=Q 65. Ka6 Qdb2 66.
Ka5 Qca1# 0-1

[Event "Ash Wednesday vs St Pattis Day"]
[Site "http://www.queenalice.com/game.php?id=545629"]
[Date "2009.2.24"]
[Round "-"]
[White "pl52600"]
[Black "JeffPaul"]
[Result "1-0"]
[WhiteElo "1691"]
[BlackElo "1705"]

1. e4 e5 2. Nf3 Nc6 3. Bc4 Nf6 4. Ng5 d5 5. exd5 Nxd5 6. d3 Be7 7. h4 Be6 8.
Nxe6 fxe6 9. Qh5+ g6 10. Qg4 Nd4 11. Bb3 Qd6 12. c3 Nf6 13. Qh3 Nxb3 14. axb3 a6
15. O-O O-O-O 16. Nd2 Qxd3 17. Qxe6+ Qd7 18. Qxe5 Ng4 19. Qe4 Rhe8 20. Rxa6 Kb8
21. Ra4 Bd6 22. Qxg4 Qe7 23. Ne4 Qe5 24. Nxd6 Qxd6 25. Be3 b6 26. Rfa1 Kb7 27.
Qf3+ Kc8 28. Bg5 Rf8 29. Ra8+ Kd7 30. Qg4+ Rf5 31. Rxd8+ Ke6 32. Re1+ Qe5 33.
Qc4# 1-0

[Event "Winter vs Spring"]
[Site "http://www.queenalice.com/game.php?id=547919"]
[Date "2009.2.28"]
[Round "-"]
[White "JeffPaul"]
[Black "pl52600"]
[Result "0-1"]
[WhiteElo "1688"]
[BlackElo "1708"]

1. d4 d5 2. Nf3 Nf6 3. Nc3 Ne4 4. Qd3 Nxc3 5. Qxc3 Nc6 6. Ne5 Nxe5 7. dxe5 d4 8.
Qd3 e6 9. e3 Bb4+ 10. Bd2 Bxd2+ 11. Qxd2 dxe3 12. Qxd8+ Kxd8 13. fxe3 b6 14.
O-O-O+ Ke7 15. g4 Bb7 16. Rg1 Bf3 17. Rd2 Rad8 18. Bd3 a5 19. g5 a4 20. a3 Ra8
21. b4 axb3 22. cxb3 Rxa3 23. Kb2 Ra5 24. Rf1 Bb7 25. Rc1 c6 26. Be4 Rc8 27. h4
Rxe5 28. Rd4 f5 29. Bd3 Rxe3 30. Rd1 c5 31. Ra4 Rh3 32. Bb5 Rh2+ 33. Ka3 Rc7 34.
Ra7 Rxh4 35. Ba6 Rg4 36. Bxb7 Rxg5 37. Ka4 Rg3 38. Re1 Kf6 39. Kb5 Rxb3+ 40. Ka4
Rb4+ 41. Ka3 Rd7 42. Re3 Rd1 43. Rb3 Ra1+ 44. Kb2 Rxa7 0-1

[Event "Challenge"]
[Site "http://www.queenalice.com/game.php?id=567019"]
[Date "2009.4.4"]
[Round "-"]
[White "araujox"]
[Black "pl52600"]
[Result "1-0"]
[WhiteElo "1366"]
[BlackElo "1723"]

1. e4 e5 2. Nf3 d5 3. exd5 Qxd5 4. Nc3 Qe6 5. Bb5+ c6 6. Ba4 h6 7. O-O Bc5 8.
Nxe5 Ne7 9. d4 O-O 10. Bb3 Qf6 11. Ne4 Qf5 12. Nxc5 Be6 13. Nxe6 fxe6 14. Qd3
Rf6 15. Qxf5 Nxf5 16. Be3 Na6 17. c3 Nh4 18. g3 Ng6 19. Nxg6 Rxg6 20. Bf4 Rc8
21. Rfe1 Kf7 22. h4 h5 23. Re5 Nc7 24. Rxh5 Nd5 25. Bxd5 cxd5 26. Rg5 Rh6 27.
Re1 Re8 28. Rge5 b5 29. Bxh6 gxh6 30. Kg2 a5 31. a3 Kf6 32. Rxd5 b4 33. Rxa5
bxc3 34. bxc3 Rb8 35. c4 Rb6 36. Rb5 Ra6 37. Re3 Rd6 38. d5 e5 39. a4 h5 40. a5
Kf5 41. Rb6 Rd8 42. a6 e4 43. a7 Ra8 44. Ra3 Ke5 45. Rb8 Rxa7 46. Rxa7 Kd4 47.
Ra4 Kc5 48. g4 hxg4 49. h5 Kd4 50. h6 g3 51. h7 gxf2 52. h8=Q+ Ke3 53. Ra3+ Kf4
54. Rf8+ Kg5 55. Qg7+ Kh5 56. Rh8# 1-0

[Event "Give me another chance"]
[Site "http://www.queenalice.com/game.php?id=620564"]
[Date "2009.7.17"]
[Round "-"]
[White "pl52600"]
[Black "araujox"]
[Result "0-1"]
[WhiteElo "1723"]
[BlackElo "1796"]

1. e4 e5 2. d4 exd4 3. Qxd4 Nc6 4. Qa4 d6 5. Nf3 Nf6 6. Bg5 Be7 7. Nc3 Bd7 8.
O-O-O h6 9. Bf4 Nh5 10. Be3 O-O 11. Qb5 Nf6 12. Qxb7 Rb8 13. Qa6 Nb4 14. Qxa7 c5
15. Qa3 Ra8 16. Qb3 Be6 17. Bc4 Bxc4 18. Qxc4 Re8 19. a3 Nc6 20. h3 Bf8 21. g4
Nd7 22. h4 Qf6 23. Rh3 Nce5 24. Nxe5 Nxe5 25. Qe2 Qe6 26. Rg3 g6 27. f4 Nc6 28.
Qd3 Red8 29. h5 Bg7 30. hxg6 fxg6 31. f5 Qe8 32. Nd5 Ne5 33. Qf1 g5 34. Qc4 Nxc4
35. Bf2 Bxb2+ 36. Kb1 Rxa3 37. Rxa3 Bxa3 38. Nf6+ Kf7 39. Nxe8 Rb8+ 40. Ka2 Kxe8
41. Rb1 Rxb1 42. Kxb1 Nd2+ 43. Ka2 Nxe4 44. Be1 Bc1 45. c4 Bd2 46. Bxd2 Nxd2 47.
Kb2 Nxc4+ 48. Kc3 Ne5 49. Kd2 Nxg4 50. Kd3 Kf7 51. Ke4 Kf6 52. Kd5 Kxf5 53. Kxd6
c4 54. Kd5 c3 55. Kd4 c2 56. Kd5 c1=Q 57. Kd4 Qc6 58. Kd3 Ke5 59. Kd2 Qc4 60.
Kd1 Qd3+ 61. Ke1 Qc2 62. Kf1 Qf2# 0-1